000 00452nam a2200169Ia 4500
005 20250326130748.0
008 250326s9999 xx 000 0 und d
037 _aTextbook
040 _aFMSL
_beng
_cFMSL
041 _aeng
_2eng
084 _aY58 Q0
_qFMSL
100 _aCao H
_9741278
245 0 _aRegional monorities and development in Asia
_cCao H; Morrell E
260 _c2010
942 _cTB
_hY58 Q0
999 _c1283985
_d1283985